<?xml version="1.0" encoding="UTF-8"?>
<record
    xmlns:xsi="http://www.w3.org/2001/XMLSchema-instance"
    xsi:schemaLocation="http://www.loc.gov/MARC21/slim http://www.loc.gov/standards/marcxml/schema/MARC21slim.xsd"
    xmlns="http://www.loc.gov/MARC21/slim">

  <leader>05892nam a22005057a 4500</leader>
  <controlfield tag="001">BRCA_8255</controlfield>
  <controlfield tag="002">T-4</controlfield>
  <controlfield tag="003">FranzMayer</controlfield>
  <controlfield tag="005">20260605183550.0</controlfield>
  <controlfield tag="006">a||||fr|||| 000 0 </controlfield>
  <controlfield tag="007">ta</controlfield>
  <controlfield tag="008">260605s1616    ne|be||fr|||| 000 0 lat d</controlfield>
  <datafield tag="040" ind1=" " ind2=" ">
    <subfield code="a">BMFM</subfield>
    <subfield code="b">spa</subfield>
  </datafield>
  <datafield tag="041" ind1="0" ind2=" ">
    <subfield code="a">lat</subfield>
  </datafield>
  <datafield tag="050" ind1=" " ind2="0">
    <subfield code="a">G1025</subfield>
    <subfield code="b">.T3 1616</subfield>
  </datafield>
  <datafield tag="100" ind1="1" ind2=" ">
    <subfield code="a">Bertius, Petrus, </subfield>
    <subfield code="d">(1565-1629),</subfield>
    <subfield code="e">cart&#xF3;grafo y autor </subfield>
    <subfield code="9">36241</subfield>
  </datafield>
  <datafield tag="245" ind1="1" ind2="0">
    <subfield code="a">Tabvularvm geographicarvm contractarvm Libri Septem:</subfield>
    <subfield code="b">In quibus tabulae omnes gradibus distinctae, descriptiones accuratae, caetera supra priores editiones politiora, auctioraque ad Christianissimum Galliae et Navarrae Regem Ludovicum XIII / </subfield>
    <subfield code="c">Petrus, Bertius</subfield>
  </datafield>
  <datafield tag="246" ind1="1" ind2="4">
    <subfield code="a">Tabularum geographicarum contractarum libri septem</subfield>
  </datafield>
  <datafield tag="260" ind1=" " ind2=" ">
    <subfield code="a">&#xC1;msterdam, Pa&#xED;ses Bajos: </subfield>
    <subfield code="b">Jodicus Hondius, </subfield>
    <subfield code="c">1616</subfield>
  </datafield>
  <datafield tag="300" ind1=" " ind2=" ">
    <subfield code="a">[15], 829, [10] p&#xE1;ginas:</subfield>
    <subfield code="b">Grabados de mapas y planos;</subfield>
    <subfield code="c">13.5 x 19.7 x 6.5 cm</subfield>
  </datafield>
  <datafield tag="520" ind1="3" ind2=" ">
    <subfield code="a">Atlas geogr&#xE1;fico elaborado por el cart&#xF3;grafo y ge&#xF3;grafo flamenco Petrus Bertius y publicado por el impresor y grabador Jodocus Hondius en &#xC1;msterdam. Basado en el "Caert Thresoor" de Langenes (1598), este atlas fue dise&#xF1;ado en un formato port&#xE1;til con la idea de hacerlo accesible tanto para estudiosos, como para un p&#xFA;blico m&#xE1;s amplio interesado en la geograf&#xED;a del mundo conocido hasta entonces.
Dividido en siete secciones, el atlas incluye m&#xE1;s de 220 mapas que abarcan todos los continentes: desde mapas del mundo y las regiones polares, hasta representaciones detalladas de Europa, Asia, &#xC1;frica y Am&#xE9;rica. La mayor&#xED;a incluyen cartelas, monstruos marinos, rosas de los vientos y otros elementos ornamentales que lo convierten en una obra de arte editorial.</subfield>
    <subfield code="b">Dedicado al rey Luis XIII de Francia, este libro marc&#xF3; un hito en la cartograf&#xED;a neerlandesa gracias a que logr&#xF3; conjuntar precisi&#xF3;n cient&#xED;fica, s&#xED;ntesis did&#xE1;ctica y portabilidad. La buena recepci&#xF3;n que tuvo propici&#xF3; la creaci&#xF3;n de m&#xFA;ltiples reediciones en distintos idiomas y lo consolid&#xF3; como uno de los atlas de referencia en la Europa del siglo XVII.</subfield>
  </datafield>
  <datafield tag="563" ind1=" " ind2=" ">
    <subfield code="a">Otras referencias f&#xED;sicas: Encuadernaci&#xF3;n entera en pergamino. El papel del cuerpo del libro est&#xE1; formado por pulpa de trapo, hecho a mano, con marcas de verjurado y marcas de agua. El cuerpo del libro est&#xE1; formado por cuadernillos unidos mediante costura seguida sobre tres soportes sencillos y elevados de piel alumada;  las prolongaciones de los soportes se usaron para unir el cuerpo a la cartera. Hojas de guarda repuesta; debajo de las contraguardas repuestas quedan restos de las contraguardas previas. Lomera ligeramente redonda con endoses transversales de material no identificado en los paneles 2 y 3. Cabezadas tejidas con hilo azul sobre almas de piel alumada y prolongaciones enlazadas a la cartera. Cantos refinados y pulidos. Soportes de las tapas de cart&#xF3;n. R&#xF3;tulo en el lomo con el t&#xED;tulo.Texto impreso</subfield>
  </datafield>
  <datafield tag="591" ind1=" " ind2=" ">
    <subfield code="a">Estado de Conservaci&#xF3;n: Bueno</subfield>
  </datafield>
  <datafield tag="591" ind1=" " ind2=" ">
    <subfield code="b">Descripci&#xF3;n de conservaci&#xF3;n: Las hojas de guarda son reposiciones. En la parte posterior de la portada tiene un injerto antiguo para cubrir un faltante. Suciedad; hojas oxidadas; roturas, dobleces y manchas leves en las hojas; manchas en la cartera, roturas en las ca&#xF1;uelas de la cofia de cabeza, y en la ca&#xF1;uela anterior de la cofia de pie</subfield>
  </datafield>
  <datafield tag="592" ind1=" " ind2=" ">
    <subfield code="a">Marcas Adicionales: Exlibris de franz Mayer. Exlibris de C. K&#xFC;nne Charlottenburg. Resto del t&#xED;tulo e informaci&#xF3;n en la portada: &lt;&lt;In quibus tabulae omnes gradibus distinctae, descriptiones accuratae, caetera supra priores editiones politiora, auctioraque ad Christianissimum Galliae et Navarrae Regem Ludovicum XIII.&gt;&gt; (En las cuales todas las l&#xE1;minas est&#xE1;n diferenciadas por grados, con descripciones precisas, y lo dem&#xE1;s m&#xE1;s pulido y aumentado que en las ediciones anteriores, dedicado al Cristian&#xED;simo Rey de Francia y Navarra, Luis XIII). Dedicatoria a Luis XIII, rey de Francia (p&#xE1;gina [1]). Versos escritos por: Bon. Vulcanivs, Daniel Heinsivs, Idem, Joannes Mevrsivs, M. Ger. Vossivs, Petrvs Scriverivs,  D. Heremita, M. Tvl.  (p&#xE1;ginas [7] y [15]). Tabla comparativa de la obra de Bertius con la geograf&#xED;a de Ptolomeo. Incluye: &lt;&lt;Summa Privilegii.&gt;&gt;: &lt;&lt;Privilegio Illustrium Ordinum Generalium cautum est, ne quis Tabulas Geographicas emendatius ornatiufque a Petro Bertio Philosophia in Academia Lugduno-batava Professore Ordinario, per Iudocum Hondium editas cum gradibus fuis, positionibus, &amp; descriptionibus, intra hoc proximus septennium citra auroris voluntaten vel eaipfa forma, vel majore minoreue excudat, vel alibi quacumque lingua excusas in hisca provincys divendat, venumne exponant, sub poenain privilegy ipsius Diplomate latius expressa Hage Comitis die IX Marty Anno MDCXVI. Sign. Henr. Feith&gt;&gt; . Presenta 221 mapas y planos grabados decorados con barcos o animales. Incluye reclamos.  </subfield>
  </datafield>
  <datafield tag="593" ind1=" " ind2=" ">
    <subfield code="a">Colecci&#xF3;n adicional: Atlas</subfield>
  </datafield>
  <datafield tag="650" ind1="1" ind2="0">
    <subfield code="a">Early maps</subfield>
    <subfield code="y">Early works to 1800</subfield>
    <subfield code="9">36242</subfield>
  </datafield>
  <datafield tag="650" ind1="1" ind2="0">
    <subfield code="a">Geography</subfield>
    <subfield code="y">Early works to 1800</subfield>
    <subfield code="9">36243</subfield>
  </datafield>
  <datafield tag="650" ind1="1" ind2="0">
    <subfield code="a">Maps</subfield>
    <subfield code="y">Early works to 1800</subfield>
    <subfield code="9">36244</subfield>
  </datafield>
  <datafield tag="650" ind1="1" ind2="0">
    <subfield code="a">Cartography</subfield>
    <subfield code="x">History</subfield>
    <subfield code="y">18th century</subfield>
    <subfield code="9">36245</subfield>
  </datafield>
  <datafield tag="650" ind1="1" ind2="0">
    <subfield code="a">Europe</subfield>
    <subfield code="v">Maps</subfield>
    <subfield code="y"> Early works to 1800</subfield>
    <subfield code="9">36246</subfield>
  </datafield>
  <datafield tag="650" ind1="1" ind2="0">
    <subfield code="a">Asia</subfield>
    <subfield code="v">Maps</subfield>
    <subfield code="y">Early works to 1800</subfield>
    <subfield code="9">36247</subfield>
  </datafield>
  <datafield tag="650" ind1="1" ind2="0">
    <subfield code="a">Africa</subfield>
    <subfield code="v">Maps</subfield>
    <subfield code="y">Early works to 1800</subfield>
    <subfield code="9">36248</subfield>
  </datafield>
  <datafield tag="650" ind1="1" ind2="0">
    <subfield code="a">America</subfield>
    <subfield code="v">Maps</subfield>
    <subfield code="y">Early works to 1800</subfield>
    <subfield code="9">36249</subfield>
  </datafield>
  <datafield tag="650" ind1="1" ind2="0">
    <subfield code="a">Polar regions</subfield>
    <subfield code="v">Maps</subfield>
    <subfield code="y">Early works to 1800</subfield>
    <subfield code="9">36250</subfield>
  </datafield>
  <datafield tag="655" ind1=" " ind2="0">
    <subfield code="a">Atlases</subfield>
    <subfield code="y">Early works to 1800</subfield>
    <subfield code="9">36251</subfield>
  </datafield>
  <datafield tag="655" ind1=" " ind2="0">
    <subfield code="a">Atlas</subfield>
    <subfield code="9">36252</subfield>
  </datafield>
  <datafield tag="655" ind1=" " ind2="0">
    <subfield code="a">World atlases</subfield>
    <subfield code="9">36253</subfield>
  </datafield>
  <datafield tag="655" ind1=" " ind2="0">
    <subfield code="a">World maps</subfield>
    <subfield code="y">Early works to 1800</subfield>
    <subfield code="9">36254</subfield>
  </datafield>
  <datafield tag="700" ind1="1" ind2=" ">
    <subfield code="a">Hondius, Jodicus,</subfield>
    <subfield code="d">(1563-1612), </subfield>
    <subfield code="e">grabador y editor</subfield>
    <subfield code="9">36255</subfield>
  </datafield>
  <datafield tag="856" ind1="4" ind2="1">
    <subfield code="q">TIFF//PDF</subfield>
    <subfield code="u">https://bibliotecadigital.franzmayer.org.mx/items/729e43d3-d6f0-4627-8bce-9c79dd24398c</subfield>
    <subfield code="y">Biblioteca Digital Franz Mayer</subfield>
  </datafield>
  <datafield tag="902" ind1=" " ind2=" ">
    <subfield code="a">KH</subfield>
    <subfield code="a">FM</subfield>
    <subfield code="a">TV</subfield>
  </datafield>
  <datafield tag="942" ind1=" " ind2=" ">
    <subfield code="c">B</subfield>
    <subfield code="h">G1025</subfield>
    <subfield code="i">T3</subfield>
    <subfield code="2">lcc</subfield>
  </datafield>
  <datafield tag="960" ind1=" " ind2=" ">
    <subfield code="a">CS-L2-N1</subfield>
  </datafield>
  <datafield tag="999" ind1=" " ind2=" ">
    <subfield code="c">22508</subfield>
    <subfield code="d">22508</subfield>
  </datafield>
  <datafield tag="952" ind1=" " ind2=" ">
    <subfield code="a">BRCA</subfield>
    <subfield code="b">BRCA</subfield>
    <subfield code="f">CS-L2-N1</subfield>
    <subfield code="i">T-4</subfield>
    <subfield code="l">0</subfield>
    <subfield code="o">G1025 .T3 1616</subfield>
    <subfield code="p">LAR00015</subfield>
    <subfield code="r">2026-06-05 15:05:00</subfield>
    <subfield code="t">Ej. 1</subfield>
    <subfield code="u">https://bibliotecadigital.franzmayer.org.mx/items/729e43d3-d6f0-4627-8bce-9c79dd24398c</subfield>
    <subfield code="y">B</subfield>
    <subfield code="0">0</subfield>
    <subfield code="1">0</subfield>
    <subfield code="2">lcc</subfield>
    <subfield code="5">2</subfield>
    <subfield code="7">0</subfield>
    <subfield code="8">LAR</subfield>
  </datafield>
</record>
